Prawo administracyjne w okresie transformacji ustrojowej
Saved in:
| Other Authors: | , , |
|---|---|
| Format: | Book |
| Language: | Polish |
| Published: |
Kraków
Kantor Wydawniczy Zakamycze
1999
|
| Subjects: | |
| Tags: |
No Tags, Be the first to tag this record!
|
MARC
| LEADER | 00000nam a2200000 4500 | ||
|---|---|---|---|
| 001 | c117892 | ||
| 005 | 20221221083246.6 | ||
| 020 | |a 83-88114-31-X | ||
| 041 | 0 | |a pol | |
| 044 | |a PL | ||
| 245 | 1 | 0 | |a Prawo administracyjne |b w okresie transformacji ustrojowej |c pod redakcja Ernesta Knosali, Andrzeja Matana, Grzegorza Laszczycy |
| 264 | 1 | |a Kraków |b Kantor Wydawniczy Zakamycze |c 1999 | |
| 300 | |a 563 s. | ||
| 610 | 2 | 0 | |a právo |
| 610 | 2 | 0 | |a administratíva |
| 610 | 2 | 0 | |a právo správne |
| 610 | 2 | 0 | |a správa štátna |
| 610 | 2 | 0 | |a správa verejná |
| 610 | 2 | 0 | |a transformácia |
| 610 | 2 | 0 | |a reformy hospodárske |
| 610 | 2 | 0 | |a politika komunálna |
| 610 | 2 | 0 | |a samospráva |
| 610 | 2 | 0 | |a orgány zastupiteľské |
| 610 | 2 | 0 | |a kódexy |
| 610 | 2 | 0 | |a služby |
| 610 | 2 | 0 | |a turistika |
| 610 | 2 | 0 | |a ochrana spotrebiteľa |
| 610 | 2 | 0 | |a moc štátna |
| 610 | 2 | 0 | |a politika hospodárska |
| 610 | 2 | 0 | |a Poľsko |
| 700 | 1 | |a Knosala, Ernest | |
| 700 | 1 | |a Matan, Andrzej | |
| 700 | 1 | |a Laszczyca, Grzegorz | |